Music Quiz

Random Music or Bands Quiz
Score 0/30 Timer 05:00
1 Play Today
Song Band % Correct
Wonderwall Oasis
92.3%
Under the Bridge Red Hot Chili Peppers
85.2%
Basket Case Green Day
84.9%
Linger The Cranberries
84.6%
Man On the Moon R.E.M.
80%
Devil's Haircut Beck
74.6%
In Bloom Nirvana
74.4%
Black Hole SunSoundgarden
73.6%
Spiderwebs No Doubt
71.1%
One U2
69.5%
Mr. Jones Counting Crows
68%
Even FlowPearl Jam
66.2%
Everlong Foo Fighters
65.6%
Karma Police Radiohead
62.4%
Intergalactic Beastie Boys
62.1%
Song Band % Correct
One Week Barenaked Ladies
59.2%
The Beautiful People Marilyn Manson
56.4%
Self EsteemThe Offspring
55.7%
Bulls on Parade Rage Against the Machine
54.9%
No Rain Blind Melon
54%
Doll Parts Hole
54%
Interstate Love Song Stone Temple Pilots
53.2%
Man In the Box Alice In Chains
52%
Stupid Girl Garbage
48.3%
Disarm The Smashing Pumpkins
48.2%
Closer Nine Inch Nails
47.8%
BadfishSublime
46.1%
Machinehead Bush
44.9%
Been Caught StealingJane's Addiction
41.6%
Parklife Blur
38%
Remove Ads.
Support Sporcle.
Get the best of Sporcle when you Go Orange. This ad-free experience offers more features, more stats, and more fun while also helping to support Sporcle. Thank you for becoming a member.

You're not logged in!

Compare scores with friends on all Sporcle quizzes.
OR
Log In

Show Comments

Extras

Top Quizzes Today


Score Distribution

Your Account Isn't Verified!

In order to create a playlist on Sporcle, you need to verify the email address you used during registration. Go to your Sporcle Settings to finish the process.

Report this User

Report this user for behavior that violates our Community Guidelines.

Details: